| 000 | 00452nam a2200181Ia 4500 | ||
|---|---|---|---|
| 001 | 15484 | ||
| 005 | 20260306170159.0 | ||
| 008 | 260306t1987||||xx |||||||||||||| ||und|| | ||
| 041 | _aESP | ||
| 082 |
_a541.3 _bC29 |
||
| 100 |
_aCastellan, Gilbert W. _eAUT |
||
| 245 | 0 |
_aFisicoquímica: _bSegunda edición en español |
|
| 260 | _c1987 | ||
| 300 |
_axxvii, 1057 páginas : _c23 cm. |
||
| 650 | _aGEN | ||
| 654 | _aCCN | ||
| 942 |
_cLIB _dJUS _fJUS _2ddc _n |
||
| 999 |
_c15484 _d15484 |
||